000 02804nam a2200277 a 4500
003 OSt
005 20240904143424.0
007 cr ||||||a|c|a
008 230509b2022 mx a|||fom||| 001 0 s d
040 _erda
100 1 _9186177
_aVillafuerte Salazar, Alejandra
245 1 0 _aMicropropagación y caracterización molecular de dos poblaciones silvestres de Laelia gouldiana Rchb. f. /
_cPor Alejandra Villafuerte Salazar; director de tesis Margarita Gisela Peña Ortega.
264 1 _aChapingo, México :
_bEl autor,
_c2022.
300 _a1 recurso en línea (71 páginas):
_bCuadros y figuras
336 _2rdacontent
_atexto
_btxt
337 _2rdamedia
_acomputadora
_bc
338 _2rdacarrier
_arecurso en línea
_bcr
502 _bMCBA
_cFitotecnia
_d2022
_gMAE
504 _aIncluye referencias bibliográficas: páginas 10-17, 34-37, 56-58
520 _aLaelia gouldiana representa el único caso de una especie de orquídea extinta en su hábitat natural y que se conserva gracias al cultivo ex situ en la Reserva de la Biósfera de la Barranca de Metztitlán (RBBM), Hidalgo, México. Se ha observado que estos ejemplares presentan una mínima o nula producción de frutos; los cuales presentan semillas infértiles por lo que se sospecha un problema genético por endogamia, sin embargo, con el descubrimiento de dos poblaciones in situ la presente investigación tuvo como objetivo evaluar la viabilidad de las semillas de 4 frutos y la caracterización molecular de genotipos muestreados de ambas poblaciones, mediante el uso de marcadores ISSR, con el fin de determinar el grado de variabilidad. De las 4 cápsulas evaluadas, sólo una presentó semillas con embriones viables y se reportó un porcentaje de viabilidad del 2.15 % con la prueba de cloruro de tetrazolio y el potencial de germinación fue 2.46 %. En lo referente a la caracterización molecular, mediante el empleo de 28 iniciadores ISSR se analizaron 48 genotipos y se obtuvieron 150 productos amplificados, de los cuales 126 permitieron diferenciar genotipos con 58 % de polimorfismo. El análisis de agrupamiento permitió generar tres grupos y la mayor variabilidad genética (94.44 %) se presentó al interior de las muestras poblacionales. Finalmente, el índice de diversidad de Shannon-Weaver estimado fue de 4.71. Este es el primer estudio que reporta viabilidad en las semillas y realiza un análisis exploratorio sobre la diversidad genética de L. gouldiana.
650 4 _9186174
_aOrquídeas
_xSemillas
_xGerminación
650 4 _9133103
_aOrquídeas
_xMicropropagación
700 1 _986818
_aPeña Ortega, Margarita Gisela
_eDirector de tesis
856 _uhttp://10.13.5.2/tesis/tm/1913266-5__VILLAFUERTE_SALAZAR_ALEJANDRA.pdf
_zDESCARGAR PDF
942 _2Clasificación Universidad Autónoma Chapingo
_cTD
999 _c218716
_d218716